[Event "FIDE Chesscom Online Nations Cup"]
[Site "Online"]
[Date "2020.05.05"]
[Round "1"]
[White "Vachier-Lagrave, Maxime"]
[Black "Nepomniachtchi, Ian"]
[Result "1/2-1/2"]
[WhiteElo "2860"]
[BlackElo "2778"]
[Annotator "TA"]
[PlyCount "98"]
[EventDate "2020.05.05"]
[EventType "team-tourn"]
[SourceTitle "playchess.com"]
[Source "ChessBase"]
[SourceQuality "1"]
[WhiteTeam "Europe"]
[BlackTeam "RUS"]
[WhiteTeamCountry "FRA"]
[BlackTeamCountry "RUS"]

{[%evp 10,98,27,19,16,15,26,-22,-18,-13,0,-41,-10,-8,0,0,0,0,0,-13,16,-16,0,0,0,0,0,0,0,0,0,0,0,-6,59,60,82,86,81,22,103,14,91,64,87,91,88,91,91,85,81,89,94,93,143,105,120,0,0,0,0,0,0,0,0,0,0,0,0,0,0,0,0,0,0,0,0,0,4,0,0,0,0,0,0,0,0,0,0,0,0]} 1. e4 c5 2. Nf3 d6 3. d4 cxd4 4. Nxd4 Nf6 5. Nc3 a6 6. Bd3 Nbd7 {B90: Sicilian Najdorf: Unusual White 6th moves, 6 Be3 Ng4 and 6 Be3 e5.} 7. O-O g6 8. f4 Bg7 9. Nf3 O-O 10. Kh1 Nc5 11. Be3 Nxd3 12. cxd3 b5 {[#]} 13. Qd2 $146 ({Predecessor:} 13. Qe1 Bd7 14. Qh4 b4 15. Nd1 Rc8 16. f5 e6 17. Bg5 exf5 18. exf5 h6 19. Bxh6 Bxh6 20. Qxh6 {0-1 (45) Samsonkin,A (2428)-Petrosian,T (2601) Moscow 2019}) 13... Bg4 14. Nd4 Qd7 15. f5 e5 16. Nc2 d5 {Hoping for ...d4.} 17. Bg5 {Bxf6 is the strong threat.} d4 18. Ne2 h6 19. Bxf6 Bxf6 20. Ng3 Bg5 21. Qe1 Bh4 (21... Qd8 $11) 22. h3 $14 Rac8 {[#]} 23. Nb4 $1 gxf5 {aiming for ...f4.} 24. exf5 (24. hxg4 $16 f4 25. Nh5 Qxg4 26. Qd1 Qxd1 27. Raxd1) 24... a5 (24... f6 $1 $11 25. hxg4 a5) 25. hxg4 ({White should play} 25. Qxe5 $16 {Strongly threatening Rf4!} Rce8 26. Qf4 {[%mdl 64] Double Attack, Pin} Bxg3 27. Qxg4+ Kh7 28. Qxg3 axb4 29. Rae1) 25... axb4 (25... f6 $11 {remains equal.}) 26. Ne4 Bxe1 27. Nf6+ {[%mdl 64] Double Attack} Kg7 28. Nxd7 Rfd8 {White must now prevent ...Bg3.} 29. f6+ ({Don't play} 29. Nxe5 $6 Bg3 $11) 29... Kh7 30. Raxe1 ({Much worse is} 30. Nxe5 Bg3 $11) 30... Rxd7 31. Rxe5 $16 {[%mdl 4096] Endgame KRR-KRR} Rc2 32. Re7 ({Much weaker is} 32. Rxb5 $6 Rxb2 33. Rf4 Kg6 $11) 32... Rdc7 {[#]} 33. Rf4 (33. Rf5 $1 $16) 33... Kg6 $11 {The position is equal.} 34. Rxc7 Rxc7 35. Rxd4 {KR-KR} b3 36. axb3 Rc2 37. Rb4 Rxb2 38. Kh2 Rd2 39. d4 Rd3 40. Kg1 Rd2 41. Kh2 Rd3 42. Rxb5 Rxd4 43. Kh3 Kxf6 44. b4 {[%cal Bb3b4,Bb4b5,Bb5b6,Bb6b7][%mdl 32]} Kg6 45. Rb8 Rd3+ 46. Kh2 Rb3 47. b5 Kg5 48. b6 Kxg4 49. b7 {And now Rg8+ would win.} Kf5 {Accuracy: White = 82%, Black = 79%.} 1/2-1/2

[Event "FIDE Chesscom Online Nations Cup"]
[Site "Online"]
[Date "2020.05.05"]
[Round "1"]
[White "Duda, Jan-Krzysztof"]
[Black "Andreikin, Dmitry"]
[Result "1-0"]
[WhiteElo "2774"]
[BlackElo "2740"]
[Annotator "TA"]
[PlyCount "77"]
[EventDate "2020.05.05"]
[EventType "team-tourn"]
[SourceTitle "playchess.com"]
[Source "ChessBase"]
[SourceQuality "1"]
[WhiteTeam "Europe"]
[BlackTeam "RUS"]

{[%evp 21,77,51,64,55,66,61,62,62,72,60,63,63,77,32,82,55,63,49,75,66,121,110,229,139,132,120,128,115,204,204,213,214,214,214,201,214,290,249,284,280,364,364,545,515,559,544,785,785,722,791,766,797,792,789,703,591,29996,29997]} 1. e4 c5 2. Nf3 e6 3. d4 cxd4 4. Nxd4 a6 5. Bd3 Nf6 6. O-O Qc7 7. Qe2 d6 8. c4 g6 9. Nc3 Bg7 10. Be3 O-O 11. Rac1 Nbd7 12. b3 {B42: Sicilian: Kan Variation: 5 Bd3.} b6 13. Rfd1 Bb7 14. f3 {White is slightly better.} Rac8 15. Qf2 Qb8 16. Bf1 Rfd8 17. Kh1 {[#]} h5 $146 ({Predecessor:} 17... Ba8 18. Rc2 Re8 19. Qd2 {½-½ (19) Malinovsky,K (2309)-Pisk,P (2319) Olomouc 2005}) 18. h3 Ba8 19. b4 Ne5 20. Na4 Ned7 {[#]} (20... b5 $14 21. cxb5 d5) 21. Nb3 $1 $16 b5 (21... Rc6 $16) 22. Nb6 Nxb6 23. Bxb6 bxc4 24. Bxc4 Re8 (24... Rf8 $16) 25. Bxa6 $18 Rxc1 26. Rxc1 d5 {[#]} 27. b5 $1 {[%cal Bb4b5,Bb5b6][%mdl 32] aiming for Bc7.} Qd6 28. Bc5 Qd8 29. b6 Qb8 30. e5 Nd7 31. f4 g5 (31... d4 {is a better defense.} 32. Bxd4 Nxb6 33. Bxb6 Bxg2+ 34. Kh2 Bd5) 32. Bd4 gxf4 33. Bb5 Nxe5 34. Bxe5 Bxe5 35. Bxe8 Qxe8 36. Qe2 Qb8 37. Nc5 {Nd7 is the strong threat.} Bd6 {[#]} 38. Nxe6 $1 {[%mdl 512]} Qxb6 (38... fxe6 39. Qxe6+) 39. Rc8+ {[%mdl 64] Double Attack. Accuracy: White = 84%, Black = 42%.} 1-0

[Event "FIDE Chesscom Online Nations Cup"]
[Site "Online"]
[Date "2020.05.05"]
[Round "1"]
[White "Caruana, Fabiano"]
[Black "Vidit, Santosh Gujrathi"]
[Result "1-0"]
[WhiteElo "2773"]
[BlackElo "2636"]
[Annotator "TA"]
[PlyCount "237"]
[EventDate "2020.05.05"]
[EventType "team-tourn"]
[SourceTitle "playchess.com"]
[Source "ChessBase"]
[SourceQuality "1"]
[WhiteTeam "United States"]
[BlackTeam "India"]
[WhiteTeamCountry "USA"]
[BlackTeamCountry "IND"]

{[%evp 9,236,0,6,0,0,0,0,0,13,0,12,-11,0,12,0,-47,0,0,0,-20,-4,-10,0,0,0,0,0,0,6,12,21,16,25,0,0,0,0,0,32,0,58,62,61,64,57,52,52,54,61,59,66,52,61,51,59,42,53,34,40,35,39,8,21,13,31,19,33,33,33,33,49,35,56,40,40,33,40,41,48,44,53,59,78,78,83,72,71,44,44,34,35,35,50,31,39,11,13,13,14,12,31,31,31,31,31,31,71,77,77,77,77,77,77,77,77,66,66,67,66,54,54,54,54,54,76,50,100,109,202,203,203,202,198,183,168,30,30,30,30,28,28,28,28,28,28,27,28,28,28,29,29,8,8,8,27,27,27,27,27,19,19,19,28,28,52,52,59,59,12790,10072,12790,12790,12790,12790,12218,482,482,482,8263,482,12790,12790,12790,12790,12790,482,12790,12790,12778,12764,12785,11517,29968,29956,10031,9909,29979,9912,9391,0,29979,29980,29980,29979,29981,29978,29978,29979,29979,29980,29980,29981,29981,29971,29978,29979,29979,29980,29988,29989,29989,29990,29990,29991,29995,29996,29998,29999,29999]} 1. e4 e5 2. Nf3 Nc6 3. Bb5 Nf6 4. d3 Bc5 5. Ba4 O-O 6. O-O {C65: Ruy Lopez: Berlin Defence (3...Nf6), unusual lines and 4 0-0 Bc5.} d6 7. c3 Ne7 8. Re1 {The position is equal.} Ng6 9. Nbd2 c6 10. Nf1 d5 11. exd5 Nxd5 12. Ng3 Re8 13. h3 {[#]} Bb6 $146 ({Predecessor:} 13... h6 14. Bb3 a5 15. d4 exd4 16. Rxe8+ Qxe8 17. Bxd5 cxd5 18. Nxd4 a4 19. Be3 Ne5 {1-0 (38) Shankland,S (2705)-Ding,L (2811) chess.com INT 2019}) 14. Bc2 h6 15. Bd2 Bc7 16. d4 exd4 17. Rxe8+ Qxe8 18. Nxd4 Bd7 19. Qf3 $36 {[%mdl 2048] White has the initiative.} Qe5 20. Re1 Qd6 21. Kf1 Ne5 22. Qe2 Re8 23. Ndf5 Qf8 24. Qh5 Bxf5 (24... Nc4 $11 25. Bxh6 Rxe1+ 26. Kxe1 Qe8+ 27. Kf1 Bxg3 28. Nxg3 gxh6 29. Qxh6 Nce3+ 30. fxe3 Nxe3+ 31. Kg1 Nxc2) 25. Nxf5 $14 Ng6 26. Rxe8 Qxe8 27. g3 Nf6 28. Qf3 Qd8 29. Bc1 Qd5 30. Qxd5 Nxd5 31. Ke2 Kf8 32. h4 Ne5 33. Bb3 (33. Be4 {looks sharper.} Nf6 34. Bg2 h5 35. b3 g6 36. Ba3+) 33... Ne7 34. Nxe7 Kxe7 {[%mdl 4096] Endgame KBB-KBN} 35. h5 Nd7 36. Bd1 Nf6 37. Kd3 Bb6 38. f4 g6 39. hxg6 fxg6 40. Ke2 Nd5 41. Kf3 h5 42. Bd2 Kf6 43. c4 Ne7 44. Bc3+ Ke6 45. b4 Nf5 46. c5 Bc7 47. Bb3+ Ke7 48. Bc4 b6 49. a4 bxc5 50. bxc5 Ke8 51. a5 Bd8 52. Bd3 Be7 53. Bb4 Bf6 54. a6 {aiming for Ba5.} Be7 55. g4 hxg4+ 56. Kxg4 Ne3+ 57. Kf3 Nd5 58. Bxg6+ Kf8 59. Ba3 Nc7 60. Bd3 Ne6 61. Bc4 Nxc5 62. Bc1 Nd7 63. Ke4 Bc5 64. Kf5 Ke7 65. Bb2 Be3 66. Be2 Nb6 67. Bf3 c5 68. Bf6+ Kf7 (68... Kd7 $16 {keeps fighting.}) 69. Bh5+ $18 Kf8 70. Be5 c4 71. Ke4 Bc5 72. f5 ({White should play} 72. Be2 $18) 72... Nd7 $1 $11 73. Bc3 {[#] Threatens to win with Kd5.} Be7 74. Be2 Nc5+ 75. Ke5 Nxa6 76. Bxc4 Nc5 77. Bd2 Nd7+ 78. Ke6 Nc5+ 79. Kd5 Kg7 80. Be2 Kf6 81. Bg4 Nd7 82. Bc3+ Kg5 83. Bh3 {[#] Strongly threatening Ke6.} Bf6 84. Bd2+ Kh4 85. Bf1 {Black must now prevent Ke6.} Bg5 86. Bb4 Nf6+ 87. Ke6 Ne4 88. Bd3 Ng3 $2 {[%mdl 8192] White leaves nothing to chance now.} (88... Bd2 $14 89. Bxd2 (89. Bxe4 Bxb4 90. Bf3 Bc3 $11) 89... Nxd2) 89. f6 $18 Bxf6 90. Kxf6 Kg4 91. Ke5 Kf3 92. Ba6 (92. Bc5 $142 a5 93. Bb5) 92... Ne2 93. Bd2 Ng3 (93... Ng1 $142 94. Bg5 Kg4) 94. Bg5 Ne4 (94... Kf2 $142 95. Be7 Ne2 96. Bc5+ Kf3 97. Bxa7 Nc3) 95. Bb7 Kg4 96. Be3 Ng3 97. Bf2 (97. Ba6 $142 Kf3 98. Bxa7) 97... a5 (97... Nf5 $142 98. Bxa7 Ng3) 98. Bc6 a4 99. Bxa4 Kf3 100. Bd4 Kg4 101. Bd1+ Kg5 102. Be3+ Kg6 103. Bc2+ (103. Ke6 $142 Nh5 104. Bc2+ Kg7 105. Be4 Kf8 106. Bc5+ Kg7 107. Bd6 Kh6 108. Kf5 Ng7+ 109. Kg4) 103... Kf7 104. Bd1 Kg6 $1 105. Ke6 {White mates.} Nh5 106. Bc2+ Kg7 107. Ke7 Ng3 108. Bd3 Nh5 109. Bg5 Ng3 110. Ke6 Nh5 111. Kf5 Kf7 112. Bc4+ Kg7 113. Bh4 Kh6 114. Bf7 Ng7+ 115. Kg4 Kh7 116. Kg5 Kh8 117. Kg6 Ne6 118. Bf6+ Ng7 119. Bxg7# {Accuracy: White = 84%, Black = 79%.} 1-0

[Event "FIDE Chesscom Online Nations Cup"]
[Site "Online"]
[Date "2020.05.05"]
[Round "1"]
[White "Artemiev, Vladislav"]
[Black "Aronian, Levon"]
[Result "1-0"]
[WhiteElo "2769"]
[BlackElo "2778"]
[Annotator "TA"]
[PlyCount "95"]
[EventDate "2020.05.05"]
[EventType "team-tourn"]
[SourceTitle "playchess.com"]
[Source "ChessBase"]
[SourceQuality "1"]
[WhiteTeam "RUS"]
[BlackTeam "Europe"]

{[%evp 9,95,-6,-2,-5,1,1,0,0,-2,1,5,-1,28,23,29,29,29,29,50,39,41,23,25,27,25,30,25,23,30,22,26,12,23,23,21,14,24,30,52,36,54,36,36,36,36,36,36,36,36,34,43,36,102,104,654,652,650,645,623,604,855,853,873,859,963,975,955,973,953,877,962,960,946,964,961,956,942,692,1132,1131,1187,1184,1173,1152,5727,5422,5306,5306]} 1. d4 Nf6 2. c4 e6 3. Nc3 Bb4 4. Bd2 O-O 5. Nf3 c5 6. a3 {E11: Bogo-Indian.} Bxc3 7. Bxc3 Ne4 8. Rc1 {The position is equal.} b6 9. g3 Bb7 10. Bg2 Nxc3 11. Rxc3 cxd4 12. Qxd4 Nc6 {[#]} 13. Qd2 $146 ({Predecessor:} 13. Qf4 Qb8 14. Qe3 d6 15. O-O Rd8 16. Rd1 Qc7 17. Rcd3 Rd7 18. Qd2 Rad8 19. b4 {1-0 (31) Von Herman,U (2395)-Janz,F (2337) Luebeck 2011}) 13... Qe7 14. O-O Rfd8 15. e4 Rac8 16. Rd1 d6 17. b3 Ne5 18. Nd4 a6 19. Re3 Qc7 20. h3 h6 21. Qb2 Qc5 22. a4 Kf8 23. Kh2 a5 24. Qe2 Nc6 25. Red3 {And now Nb5 would win.} Nxd4 26. Rxd4 Rc7 27. Qd2 {[%cal Rd4d6]} Rcd7 28. Rd3 Ke7 29. f4 Bc6 30. Rf1 g5 (30... Kf8 $14) 31. fxg5 $16 hxg5 $2 {[%mdl 8192] [#] This move loses the game for Black.} (31... Qxg5 $16 32. Qf2 Rf8) 32. Rd5 $3 $18 {[%mdl 512] White is clearly winning.} Bxd5 33. Qxg5+ (33. cxd5 Rg8 $17) 33... Kf8 34. cxd5 ({Weaker is} 34. exd5 Re7 $18) 34... Re7 35. e5 Rc8 36. Rf4 dxe5 37. Rc4 {Black must now prevent d6.} exd5 38. Qh6+ Ke8 39. Rxc5 Rxc5 40. Qxb6 Rec7 {[#]} 41. Bxd5 $1 {[%mdl 512]} Rc2+ (41... Rxd5 42. Qxc7) 42. Bg2 e4 43. Qb5+ R7c6 44. h4 Kf8 45. Qb8+ Ke7 46. Kh3 f5 47. Qe5+ {[%mdl 64] Double Attack} Re6 48. Qxf5 {Accuracy: White = 98%, Black = 70%.} 1-0

[Event "FIDE Chesscom Online Nations Cup"]
[Site "Online"]
[Date "2020.05.05"]
[Round "1"]
[White "Anand, Viswanathan"]
[Black "Nakamura, Hikaru"]
[Result "1/2-1/2"]
[WhiteElo "2751"]
[BlackElo "2829"]
[Annotator "TA"]
[PlyCount "82"]
[EventDate "2020.05.05"]
[EventType "team-tourn"]
[SourceTitle "playchess.com"]
[Source "ChessBase"]
[SourceQuality "1"]
[WhiteTeam "India"]
[BlackTeam "United States"]
[WhiteTeamCountry "IND"]
[BlackTeamCountry "USA"]

{[%evp 11,82,16,21,18,27,16,16,23,27,18,30,27,29,22,33,26,27,30,42,41,45,53,53,45,53,53,55,55,55,55,54,55,55,45,47,20,102,102,100,98,109,103,116,116,116,116,135,85,85,85,85,85,85,85,85,85,85,85,85,38,38,38,38,38,38,38,38,0,38,0,38,0,38]} 1. d4 Nf6 2. c4 e6 3. Nf3 d5 4. Nc3 Be7 5. Bf4 O-O 6. e3 Nbd7 7. a3 {7.Be2 is a critical line. D37: Queen's Gambit Declined: 5 Bf4.} c5 8. cxd5 Nxd5 9. Nxd5 exd5 10. dxc5 Nxc5 11. Be5 Bf5 {[#]} 12. Rc1 $5 $146 {[%mdl 8] An interesting novelty.} ({Predecessor:} 12. Be2 Bf6 13. O-O Be4 14. Bxf6 Qxf6 15. Nd4 Ne6 16. Rc1 Nxd4 17. Qxd4 Qxd4 18. exd4 Rac8 {½-½ (18) So,W (2760)-Nakamura,H (2741) Kolkata 2019}) 12... Ne6 13. Bd3 Bxd3 14. Qxd3 Bf6 {next ...Bxe5 is good for Black.} 15. O-O Bxe5 16. Nxe5 d4 17. Rfd1 Re8 18. exd4 Qxd4 {[%mdl 64] Remove Defender} 19. Qxd4 Nxd4 20. Rxd4 {Threatens to win with Nc4.} Rxe5 $14 {[%mdl 4096] Endgame KRR-KRR} 21. Rd7 Rb5 $1 22. Rc2 (22. Rcc7 {is more complex.} Rxb2 23. g3 Rf8 24. Rxb7 Rxb7 25. Rxb7 Ra8 26. g4) 22... a5 23. g3 (23. Rcc7 $5 {[%cal Rd7f7]} Rxb2 24. g3 $14) 23... g6 {[#]} (23... b6 $11) 24. Rcc7 $1 $16 Rf5 25. Rxb7 h5 26. h4 Rc8 {White should prevent ...Rc1+.} 27. Rd2 Kg7 28. Kg2 Rc1 29. a4 Rc4 {[#]} 30. b3 $1 {[%cal Rb3c4]} Rc3 31. Re2 Rcf3 32. Ra2 Rc3 33. b4 axb4 34. Rxb4 Ra5 35. Rd2 Ra3 36. Rdd4 Ra7 37. Rf4 Kg8 38. Kf1 Ra2 39. Kg2 Ra3 40. Kf1 Ra2 41. Kg2 Ra3 {Accuracy: White = 90%, Black = 94%.} 1/2-1/2

[Event "FIDE Chesscom Online Nations Cup"]
[Site "Online"]
[Date "2020.05.05"]
[Round "1"]
[White "Wang, Hao"]
[Black "Radjabov, Teimour"]
[Result "1/2-1/2"]
[WhiteElo "2750"]
[BlackElo "2758"]
[Annotator "TA"]
[PlyCount "73"]
[EventDate "2020.05.05"]
[EventType "team-tourn"]
[SourceTitle "playchess.com"]
[Source "ChessBase"]
[SourceQuality "1"]
[WhiteTeam "CHN"]
[BlackTeam "Rest of the World"]
[WhiteTeamCountry "CHN"]
[BlackTeamCountry "AZE"]

{[%evp 12,73,5,0,4,14,22,31,20,14,25,17,27,31,32,40,30,18,16,16,16,19,28,30,33,33,54,44,38,31,66,30,43,17,27,23,22,11,11,12,14,23,8,2,14,0,0,0,0,1,95,95,95,7,7,7,7,7,26,0,0,0,0,0]} 1. d4 Nf6 2. c4 e6 3. Nc3 Bb4 4. Qc2 O-O 5. a3 Bxc3+ 6. Qxc3 d5 $1 {[%mdl 4] is more profitable than 6...b6 at the moment. Played by Liren Ding in November 2019.} 7. Bg5 dxc4 {E36: Nimzo-Indian: Classical: 4...d5 5 a3.} 8. Qxc4 h6 9. Bh4 b6 {White is slightly better.} 10. Rd1 Ba6 11. Qa4 Qd7 12. Qc2 Qc6 13. Qxc6 Nxc6 14. Bxf6 gxf6 {[#]} 15. e3 $146 ({Predecessor:} 15. Nf3 Rfd8 16. e3 Bxf1 17. Rxf1 Na5 18. Ke2 Rac8 19. b4 Nb7 20. Rb1 a5 21. b5 {½-½ (72) Morozevich,A (2675)-Navara,D (2737) Biel 2017}) 15... Bxf1 16. Kxf1 Na5 17. Nf3 Rac8 18. Ke2 c5 19. dxc5 bxc5 20. Rd7 Nc4 21. Rc1 Nxb2 22. Rc2 Na4 23. Rxa7 Ra8 24. Rxa8 Rxa8 $11 {[%mdl 4096] Endgame KRN-KRN} 25. Nd2 Nb6 26. Rb2 Ra6 27. Ne4 Nd5 28. Ra2 c4 {Threatening ...f5.} 29. Kd2 f5 30. Nc3 Nxc3 (30... Kf8 $11) 31. Kxc3 {KR-KR} Ra4 {[#]} 32. Kb2 (32. Kd4 $1 $16) 32... Kf8 33. Ra1 Ke7 34. Rd1 Ra6 35. Rd2 c3+ {[%mdl 64] [#] Decoy} 36. Kxc3 Rxa3+ 37. Kb2 {Accuracy: White = 81%, Black = 92%.} 1/2-1/2

[Event "FIDE Chesscom Online Nations Cup"]
[Site "Online"]
[Date "2020.05.05"]
[Round "1"]
[White "Yu, Yangyi"]
[Black "Amin, Bassem"]
[Result "1-0"]
[WhiteElo "2738"]
[BlackElo "2608"]
[Annotator "TA"]
[PlyCount "79"]
[EventDate "2020.05.05"]
[EventType "team-tourn"]
[SourceTitle "playchess.com"]
[Source "ChessBase"]
[SourceQuality "1"]
[WhiteTeam "CHN"]
[BlackTeam "Rest of the World"]
[WhiteTeamCountry "CHN"]
[BlackTeamCountry "EGY"]

{[%evp 21,79,44,41,37,66,33,50,39,52,47,69,0,12,-13,163,168,162,162,185,164,174,178,525,509,493,399,395,409,404,393,377,402,397,389,415,388,433,404,538,404,423,433,600,522,417,388,862,791,1948,1911,1615,1522,1569,1510,29985,29986,29989,29990,29990,29991]} 1. d4 Nf6 2. c4 g6 3. Nc3 Bg7 4. e4 d6 5. Nf3 O-O 6. Be2 e5 7. Be3 Ng4 8. Bg5 f6 9. Bh4 g5 10. Bg3 Nh6 11. dxe5 dxe5 12. O-O {E92: King's Indian: Classical: 6 Be2 e5: 7 dxe5, 7 Be3 and Petrosian System without 7...Nbd7.} g4 {[#]} 13. Ne1 $146 ({Predecessor:} 13. Nh4 Nc6 14. c5 Be6 15. Qa4 Qd4 16. Qb5 a6 17. Qxb7 Qxc5 18. Na4 Qd6 19. Rfc1 Nd4 20. Bf1 Rfc8 21. Kh1 Nf7 22. Rc5 Nd8 23. Qb4 Nc2 {0-1 (23) Gruenberg,H (2377)-Cuenca Jimenez,J (2476) Germany 2014}) 13... Qxd1 14. Rxd1 {White is slightly better.} c6 15. c5 Nf7 16. Bc4 (16. Nc2 $14) 16... Na6 $11 17. Na4 Rb8 $2 {[#] Loses the game.} (17... Nc7 $1 $11) 18. f4 $1 $18 {[%cal Rf4e5]} gxf3 19. Nxf3 Bg4 20. h3 $36 {[%mdl 2048] Keeping Black busy.} Bxf3 21. Rxf3 {Hoping for Rd7.} Nc7 $2 (21... Rbd8 22. Rxd8 Rxd8) 22. Rd7 Nb5 23. Bxe5 fxe5 24. Rfxf7 Rxf7 25. Rxf7 ({Not} 25. Bxf7+ Kh8 $16) 25... Kh8 {[#]} 26. Bxb5 $1 cxb5 {[%mdl 4096] Endgame KRB-KRN} 27. Nc3 b4 28. Nd5 a5 29. Kh2 h6 30. h4 h5 31. b3 Kh7 32. Kh3 Rc8 33. Ne7 Rc7 $2 (33... Rf8 34. Rxf8 Bxf8) 34. g4 hxg4+ 35. Kxg4 Rd7 36. h5 Rd2 37. Nf5 Rg2+ {[#]} 38. Kf3 $1 {White mates.} Rxa2 39. Rxg7+ Kh8 40. h6 {Accuracy: White = 83%, Black = 35%.} 1-0

[Event "FIDE Chesscom Online Nations Cup"]
[Site "Online"]
[Date "2020.05.05"]
[Round "1"]
[White "Firouzja, Alireza"]
[Black "Wei, Yi"]
[Result "1/2-1/2"]
[WhiteElo "2703"]
[BlackElo "2752"]
[Annotator "TA"]
[PlyCount "77"]
[EventDate "2020.05.05"]
[EventType "team-tourn"]
[SourceTitle "playchess.com"]
[Source "ChessBase"]
[SourceQuality "1"]
[WhiteTeam "Rest of the World"]
[BlackTeam "CHN"]
[BlackTeamCountry "CHN"]

{[%evp 13,77,20,20,8,18,25,39,11,12,11,11,11,11,10,6,8,10,12,21,7,8,14,10,14,17,0,0,0,0,0,19,31,26,30,27,20,39,0,15,8,9,12,15,11,79,89,98,0,0,0,0,0,0,0,0,-24,-24,-25,-8,-8,0,-27,0,-6,0,-20]} 1. d4 Nf6 2. c4 e6 3. Nf3 d5 4. Nc3 c6 5. Bg5 h6 6. Bxf6 Qxf6 7. e3 g6 8. Be2 {D43: Semi-Slav: 5 Bg5 h6.} Bg7 9. O-O O-O 10. Rc1 {White is slightly better. Recently 10.Ne5 got a lot of attention.} Nd7 11. cxd5 exd5 12. b4 a6 13. a4 {[%cal Ba2a4,Ba4b5][%mdl 32]} Qd6 14. b5 axb5 15. axb5 {[#]} Re8 $146 ({Predecessor:} 15... Nb6 16. Qb3 Rb8 17. bxc6 bxc6 18. Na4 Nxa4 19. Qxa4 Bd7 20. Ne1 Ra8 21. Qc2 Ra3 {½-½ (45) Wojtaszek,R (2749)-Vitiugov,N (2709) Shenzhen 2018}) 16. Ra1 Rxa1 17. Qxa1 c5 18. Qa3 b6 19. Qa8 cxd4 20. Nxd4 Bxd4 21. exd4 Qb4 22. Nxd5 Qxd4 23. Bf3 Kg7 $1 24. Qc6 $36 {[%mdl 2048] White has some pressure.} Qc5 25. Rc1 Re6 26. Qc7 Qxc7 27. Nxc7 Re5 28. Bg4 {Threatening f4.} h5 (28... Kf8 $11 {remains equal.}) 29. f4 $16 Re3 {[#]} 30. Bf3 (30. Bh3 $1 $16) 30... Nc5 $11 31. Nd5 Rb3 32. Nxb6 Nd3 {[%mdl 64] Double Attack} 33. Rd1 Bf5 34. Bc6 Nxf4 35. Na4 Rb4 36. Nc3 Rb3 37. Na4 $1 Rb4 38. Nc3 Rb3 39. Na4 $1 {Accuracy: White = 88%, Black = 94%.} 1/2-1/2

[Event "FIDE Chesscom Online Nations Cup"]
[Site "Online"]
[Date "2020.05.05"]
[Round "1"]
[White "Harikrishna, Pentala"]
[Black "Dominguez Perez, Leinier"]
[Result "1/2-1/2"]
[WhiteElo "2690"]
[BlackElo "2786"]
[Annotator "TA"]
[PlyCount "63"]
[EventDate "2020.05.05"]
[EventType "team-tourn"]
[SourceTitle "playchess.com"]
[Source "ChessBase"]
[SourceQuality "1"]
[WhiteTeam "India"]
[BlackTeam "United States"]
[WhiteTeamCountry "IND"]
[BlackTeamCountry "USA"]

{[%evp 18,63,18,18,22,20,16,18,13,-9,-9,-9,-9,-9,-9,-12,-12,-11,-15,-15,-11,-12,6,0,16,10,15,0,0,0,0,0,0,0,0,0,0,0,0,0,0,-16,0,0,0,0,0,0]} 1. e4 e5 2. Nf3 Nc6 3. Bb5 Nf6 4. O-O Nxe4 5. Re1 Nd6 6. Nxe5 Be7 7. Bf1 Nxe5 8. Rxe5 O-O 9. d4 Bf6 10. Re1 {The position is equal.} Re8 {C67: Ruy Lopez: Berlin Defence: 4 0-0 Nxe4.} 11. Bf4 Rxe1 12. Qxe1 Ne8 13. Nc3 Bxd4 14. Nd5 {[#] Threatens to win with Qe4.} d6 15. Bg5 f6 16. Be3 Be5 {[#]} 17. Bc4 $146 {Black must now prevent Nxc7+.} ({Predecessor:} 17. f4 Bxb2 18. Rb1 Ba3 19. Qa5 Bc5 20. Bxc5 dxc5 21. Qxc5 Qd6 22. Qxd6 cxd6 23. Ne7+ Kf7 24. Nxc8 Rxc8 25. Rxb7+ Rc7 26. Rb2 f5 27. Bd3 {½-½ (27) Andreikin,D (2733)-Jakovenko,D (2712) Poikovsky 2016}) 17... Kh8 18. f4 Bxb2 19. Rb1 c6 20. Rxb2 {And now Nc3 would win.} cxd5 21. Bxd5 Nc7 22. Bxb7 Rb8 23. Qb1 Nd5 24. Bxa7 Nc3 $1 {[%cal Rc3b1]} 25. Qe1 Rxb7 26. Rxb7 Bxb7 27. Qxc3 Qa8 28. Bd4 Qxa2 ({Of course not} 28... Bxg2 $6 {[#]} 29. Bxf6 $1 {[%mdl 512]} gxf6 30. Qxf6+ Kg8 31. Qg5+ Kf8 32. Qxg2 $16) 29. Qb3 Qxb3 30. cxb3 Kg8 31. Kf2 Kf7 32. f5 {A rather calm draw. Accuracy: White = 100%, Black = 100%.} 1/2-1/2